000 00611nam a2200157 a 4500
008 120416s1992 ||||||||||||||||| || u
020 _a1560243023
050 _aHF 5549.5.E42 Emp
100 _aMaiden, R. Paul
245 1 0 _aEmployee assistance programs in South Africa
_cedited by R. Paul Maiden
260 _aNew York:
_bThe Haworth Press
_c1992
300 _axx, 125p.
350 _a0.00
650 _aEMPLOYEE ASSISTANCE PROGRAMS--SOUTH AFRICA
995 _D0.00
_FCBU-MAIN LIBRARY (Kitwe)
_H1
_I35.00
_UAVAILABLE
_ZMain Library Open Access Collection
999 _c41759
_d41759